000 00556cam a2200193 4500500
005 20260329003609.0
041 _afre
042 _adc
100 1 0 _aRogé, Antoine
_eauthor
245 0 0 _aLa banane flambée du docteur Freud
260 _c2016.
500 _a78
690 _aBanane
690 _aCuisine
690 _aLibido
690 _aRecette
786 0 _nPhilosophie magazine | 97 | 3 | 2016-03-01 | p. 78-78 | 1951-1787
856 4 1 _uhttps://shs.cairn.info/magazine-philosophie-magazine-2016-3-page-78?lang=fr&redirect-ssocas=7080
999 _c1825904
_d1825904